| 000 | 00886nam a22002652a 4500 | ||
|---|---|---|---|
| 001 | 23171 | ||
| 003 | BD-RjUL | ||
| 005 | 20211209000911.0 | ||
| 008 | 140310s1955 enka 001 0 engxd | ||
| 035 | _a(BD-RjUL)23236 | ||
| 040 |
_aAZN _cAZN _dOCL _dUKM _dEQO _dBD-RjUL _beng |
||
| 041 | _aeng | ||
| 082 |
_a572 _bCOH 1955 |
||
| 100 | 1 |
_aCoon, Carleton Stevens, _d1904-1981. _971425 |
|
| 245 | 1 | 4 |
_aThe history of man : _bfrom the first human to primitive culture and beyond / _cCarleton S. Coon. line drawings by Richard Albany. Photographs by Reuben Goldberg |
| 260 |
_aLondon : _bJ. Cape, _cc1955. |
||
| 300 |
_axxii, 437 p. : _bill. ; _c23 cm |
||
| 500 | _aPublished in New York in 1954 under title: Story of man | ||
| 504 | _aIncludes index. | ||
| 650 | 0 |
_aAnthropology _971426 |
|
| 942 |
_2ddc _cBK |
||
| 999 |
_c23171 _d23171 |
||